[Event "ESP-chT CECLUB Div1 GpA"]
[Site "Linares"]
[Date "2013.08.21"]
[Round "3.1"]
[White "Melero Fidalgo, Juan de Dios"]
[Black "Gonzalez Diaz, Diego"]
[Result "1/2-1/2"]
[WhiteElo "2230"]
[BlackElo "2309"]
[PlyCount "116"]
[EventDate "2013.08.19"]
[EventType "team-tourn"]
[EventRounds "5"]
[EventCountry "ESP"]
[SourceTitle "CBM 156 Extra"]
[Source "ChessBase"]
[SourceDate "2013.10.22"]
[SourceVersion "1"]
[SourceVersionDate "2013.10.22"]
[SourceQuality "1"]
[WhiteTeam "Pena Oromana"]
[BlackTeam "Artes de Lugo"]
[WhiteTeamCountry "ESP"]
[BlackTeamCountry "ESP"]

1. d4 Nf6 2. c4 g6 3. Nc3 d5 4. Nf3 Bg7 5. Bg5 Ne4 6. Bh4 Nxc3 7. bxc3 c5 8. cxd5 Qxd5 9. e3 Nc6 10. Be2 0-0 11. 0-0 b6 12. Nd2 cxd4 13. cxd4 Bb7 14. Bf3 Qd7 15. Nc4 Rac8 16. Rc1 Rfd8 17. Qb3 h6 18. h3 g5 19. Bg3 Na5 20. Nxa5 Bxf3 21. gxf3 bxa5 22. Kg2 a4 23. Qb4 Bf8 24. Qa5 e6 25. h4 Qd5 26. Qxd5 exd5 27. hxg5 hxg5 28. Be5 Be7 29. Rh1 f6 30. Bg3 a3 31. f4 gxf4 32. Bxf4 Kf7 33. Rb1 Rd7 34. Rhc1 Rxc1 35. Rxc1 Rb7 36. Rc7 Rxc7 37. Bxc7 Ke6 38. Bb8 a6 39. Kf3 Bf8 40. Ke2 Kd7 41. Kd3 f5 42. Kc3 Kc6 43. Bf4 Be7 44. Kb3 Kb5 45. Bg3 Bb4 46. Bf4 a5 47. Be5 a4+ 48. Kc2 Kc4 49. Bf4 Be1 50. f3 Bb4 51. Be5 Be7 52. Bf4 Bb4 53. Be5 Bf8 54. Bf4 Be7 55. Kd2 Bb4+ 56. Kc2 Be7 57. Kd2 Bb4+ 58. Kc2 Be7 1/2-1/2

[Event "ESP-chT CECLUB Div2 Gp1"]
[Site "Padron"]
[Date "2012.08.08"]
[Round "1.3"]
[White "Gonzalez Diaz, Diego"]
[Black "Tejedor Fuente, Enrique"]
[Result "1/2-1/2"]
[WhiteElo "2306"]
[BlackElo "2260"]
[PlyCount "133"]
[EventDate "2012.08.08"]
[EventType "team-swiss"]
[EventRounds "6"]
[EventCountry "ESP"]
[SourceTitle "CBM 149 Extra"]
[Source "ChessBase"]
[SourceDate "2012.08.24"]
[SourceVersion "1"]
[SourceVersionDate "2012.08.24"]
[SourceQuality "1"]
[WhiteTeam "Circulo de las Artes"]
[BlackTeam "Solvay II"]
[WhiteTeamCountry "ESP"]
[BlackTeamCountry "ESP"]

1. e4 c5 2. Nf3 e6 3. d4 cxd4 4. Nxd4 a6 5. Be3 Nf6 6. Nd2 Qc7 7. Bd3 Be7 8. Qe2 d6 9. g4 e5 10. Nf5 Bxf5 11. gxf5 d5 12. Rg1 d4 13. Bg5 Nbd7 14. Bxf6 Bxf6 15. Bc4 b5 16. Bd5 Rc8 17. Bb3 Nc5 18. a4 Nxa4 19. Bxa4 bxa4 20. Qxa6 Qxc2 21. Rg3 d3 22. Qb5+ Rc6 23. Qb8+ Kd7 24. Qb7+ Kd6 25. Rxd3+ Qxd3 26. Rd1 Qd4 27. Nf3 Qxd1+ 28. Kxd1 Rd8 29. Qxf7 Rb6 30. Qa2 Rb4 31. Qb1 a3 32. b3 Ra8 33. Qa2 Rxe4 34. Nd2 Rd4 35. Kc2 Kc5 36. b4+ Kb5 37. Qf7 Rc8+ 38. Kb1 Rxd2 39. Qb7+ Ka4 40. Qa7+ Kxb4 41. Qb7+ Ka4 42. Qa7+ Kb4 43. Qb7+ Kc4 44. Qxc8+ Kd3 45. Qa6+ Ke4 46. Qb7+ Kxf5 47. Qf3+ Ke6 48. Qb3+ Kf5 49. Qf3+ Kg6 50. Qxa3 Rd4 51. Qg3+ Kh6 52. Qh3+ Rh4 53. Qe3+ g5 54. h3 Rd4 55. Kc2 Kg6 56. Qb3 Rf4 57. Qd3+ Kg7 58. Qe3 h5 59. Kd3 g4 60. hxg4 hxg4 61. Ke2 Kg6 62. Qd3+ Kg7 63. Qd7+ Kh6 64. Qe6 Kg7 65. Qd7+ Kg6 66. Qe8+ Kg7 67. Ke1 1/2-1/2

[Event "ESP-chT Premier North"]
[Site "Barcelona"]
[Date "2005.08.13"]
[Round "4"]
[White "Gonzalez Diaz, Diego"]
[Black "Salgado Lopez, Ivan"]
[Result "1-0"]
[WhiteElo "2257"]
[BlackElo "2340"]
[PlyCount "107"]
[EventDate "2005.08.01"]
[EventType "team"]
[EventRounds "6"]
[EventCountry "ESP"]
[SourceTitle "CBM 107 Extra"]
[Source "ChessBase"]
[SourceDate "2005.09.01"]
[SourceVersion "1"]
[SourceVersionDate "2005.09.01"]
[SourceQuality "1"]

1. d4 d5 2. Nf3 Nf6 3. e3 c6 4. Ne5 g6 5. Bd3 Bg7 6. Nd2 0-0 7. b3 c5 8. Bb2 Nc6 9. dxc5 Qa5 10. Nxc6 bxc6 11. Bd4 Nd7 12. a3 Nxc5 13. b4 Nxd3+ 14. cxd3 Qc7 15. Bxg7 Kxg7 16. Nb3 f5 17. f4 d4 18. Nxd4 e5 19. fxe5 Qxe5 20. Qf3 Ba6 21. Qf4 Qxf4 22. exf4 Rf6 23. 0-0-0 Rd8 24. Nb3 Rxd3 25. Nc5 Rxd1+ 26. Rxd1 Bc4 27. Rd7+ Rf7 28. Rd6 Bd5 29. b5 Bxg2 30. bxc6 Kh6 31. Ne6 Kh5 32. h3 Kh4 33. Kd2 Re7 34. Kd3 Kxh3 35. Kd4 Kg3 36. Ke5 h5 37. Kf6 Re8 38. c7 Rc8 39. Ke7 h4 40. Kd7 Rxc7+ 41. Nxc7 h3 42. Rxg6+ Kxf4 43. Ne6+ Ke3 44. Rh6 Kf2 45. Kd6 Kg3 46. Rg6+ Kf3 47. Ng5+ Kf2 48. Nxh3+ Bxh3 49. Ke5 Bg4 50. Ra6 Kg3 51. Rxa7 Kf2 52. Kd4 Bf3 53. Kd3 Bg2 54. Ra5 1-0

[Event "ESP-chT Premier North"]
[Site "Barcelona"]
[Date "2005.08.12"]
[Round "3"]
[White "Lopez Gracia, Fernando"]
[Black "Gonzalez Diaz, Diego"]
[Result "1-0"]
[WhiteElo "2323"]
[BlackElo "2257"]
[PlyCount "78"]
[EventDate "2005.08.01"]
[EventType "team"]
[EventRounds "6"]
[EventCountry "ESP"]
[SourceTitle "CBM 107 Extra"]
[Source "ChessBase"]
[SourceDate "2005.09.01"]
[SourceVersion "1"]
[SourceVersionDate "2005.09.01"]
[SourceQuality "1"]

1. e4 c5 2. Nf3 Nc6 3. d4 cxd4 4. Nxd4 g6 5. c4 Bg7 6. Nc2 d6 7. Be2 Be6 8. 0-0 Rc8 9. Ne3 Nf6 10. Nc3 0-0 11. Rb1 Nd7 12. Ncd5 Bxd5 13. Nxd5 Nc5 14. f3 Bd4+ 15. Kh1 a5 16. b3 e6 17. Ne3 f5 18. Nc2 Bg7 19. exf5 gxf5 20. Bf4 Be5 21. Bxe5 dxe5 22. a3 Qg5 23. b4 Rcd8 24. Qe1 axb4 25. axb4 Na4 26. c5 Rd2 27. f4 Qd8 28. Bc4 Rf6 29. fxe5 Rg6 30. Ne3 Nxe5 31. Bb3 Qd3 32. Nxf5 Re2 33. Qh4 Rexg2 34. Ne7+ Kg7 35. Nxg6 Rxg6 36. Qe7+ Kh6 37. Qh4+ Kg7 38. Rbe1 Nf3 39. Rd1 Nd2 1-0

[Event "Padron op"]
[Site "Padron"]
[Date "2003.??.??"]
[Round "5"]
[White "Gonzalez Diaz, Diego"]
[Black "Pilgaard, Kim"]
[Result "0-1"]
[WhiteElo "2288"]
[BlackElo "2437"]
[PlyCount "108"]
[EventDate "2003.08.??"]
[EventType "swiss"]
[EventRounds "9"]
[EventCountry "ESP"]
[SourceTitle "EXT 2005"]
[Source "ChessBase"]
[SourceDate "2004.11.15"]
[SourceVersion "1"]
[SourceVersionDate "2004.11.15"]
[SourceQuality "1"]

1. e4 e5 2. Nf3 Nc6 3. d4 exd4 4. Bc4 Bc5 5. 0-0 d6 6. c3 Bg4 7. h3 Bxf3 8. Qxf3 Ne5 9. Qd1 Qf6 10. Kh1 Nxc4 11. Qa4+ c6 12. Qxc4 Ne7 13. cxd4 Bxd4 14. Nc3 0-0 15. Ne2 Bb6 16. Nf4 Rad8 17. Qe2 Rfe8 18. Nh5 Qe6 19. Nf4 Qf6 20. Nh5 Qh4 21. Qg4 Qxg4 22. hxg4 Ng6 23. Bg5 Rc8 24. f3 d5 25. exd5 cxd5 26. Rac1 Kf8 27. Rxc8 Rxc8 28. Rd1 f6 29. Bf4 d4 30. Rd2 Kf7 31. Kh2 Rd8 32. Rd3 Ne7 33. Ng3 Nd5 34. Bd2 Rc8 35. a4 Rc2 36. a5 Bc5 37. b4 Nxb4 38. Bxb4 Bxb4 39. Rxd4 Bxa5 40. Rd7+ Kf8 41. Rxb7 Rc7 42. Rb8+ Kf7 43. Nf5 Rd7 44. Rh8 h6 45. Kg1 Bd8 46. Nh4 a5 47. f4 a4 48. g5 fxg5 49. fxg5 Bb6+ 50. Kf1 Rd8 51. Rxd8 Bxd8 52. gxh6 g5 53. Nf5 a3 54. h7 Bf6 0-1

[Event "ESP-chT2"]
[Site "Vila Real"]
[Date "2001.08.16"]
[Round "4"]
[White "Gonzalez Diaz, Diego"]
[Black "Acebal Muniz, Antonio"]
[Result "0-1"]
[WhiteElo "2311"]
[BlackElo "2267"]
[PlyCount "52"]
[EventDate "2001.08.13"]
[EventType "team"]
[EventRounds "7"]
[EventCountry "ESP"]
[SourceTitle "EXT 2002"]
[Source "ChessBase"]
[SourceDate "2001.11.25"]
[SourceVersion "1"]
[SourceVersionDate "2001.11.25"]
[SourceQuality "1"]

1. e4 e5 2. Nf3 Nc6 3. d4 exd4 4. Bc4 Nf6 5. e5 d5 6. Bb5 Ne4 7. Nxd4 Bc5 8. 0-0 Bd7 9. Bxc6 bxc6 10. Be3 Qe7 11. f3 Ng5 12. Kh1 0-0 13. Qd2 h6 14. Re1 f6 15. Nc3 fxe5 16. Nxc6 Bxc6 17. Nxd5 Qd6 18. Bxc5 Qxc5 19. Rxe5 Nxf3 20. gxf3 Rxf3 21. c4 Qxc4 22. b3 Qh4 23. Qg2 Rf2 24. Ne7+ Qxe7 25. Qxc6 Qxe5 26. Qxa8+ Kh7 0-1

[Event "ESP-chT"]
[Site "Barcelona"]
[Date "2000.08.12"]
[Round "8"]
[White "Molina Mansilla, Ricardo"]
[Black "Gonzalez Diaz, Diego"]
[Result "0-1"]
[WhiteElo "2320"]
[BlackElo "2267"]
[PlyCount "54"]
[EventDate "2000.08.05"]
[EventType "team"]
[EventRounds "9"]
[EventCountry "ESP"]
[SourceTitle "CBM 077 Extra"]
[Source "ChessBase"]
[SourceDate "2000.09.14"]
[SourceVersion "1"]
[SourceVersionDate "2000.09.14"]
[SourceQuality "1"]

1. g4 d5 2. Bg2 c6 3. h3 e5 4. d3 g6 5. Nd2 Bg7 6. e4 Ne7 7. Ngf3 0-0 8. Qe2 Nd7 9. Nf1 Nc5 10. Ng3 Ne6 11. Bd2 Nf4 12. Qf1 d4 13. 0-0-0 c5 14. g5 Be6 15. Kb1 Rc8 16. Bxf4 exf4 17. Ne2 c4 18. Nxf4 c3 19. Nxe6 Qb6 20. b3 Qb4 21. Ka1 fxe6 22. Rb1 Rc6 23. Qc1 Ra6 24. Rf1 Ra3 25. Nh2 Qa5 26. Qxa3 Qxa3 27. Ng4 Nc6 0-1

[Event "ESP-chT"]
[Site "Barcelona"]
[Date "2000.08.11"]
[Round "7"]
[White "Moya Soriano, Miguel"]
[Black "Gonzalez Diaz, Diego"]
[Result "1/2-1/2"]
[WhiteElo "2208"]
[BlackElo "2267"]
[PlyCount "129"]
[EventDate "2000.08.05"]
[EventType "team"]
[EventRounds "9"]
[EventCountry "ESP"]
[SourceTitle "CBM 077 Extra"]
[Source "ChessBase"]
[SourceDate "2000.09.14"]
[SourceVersion "1"]
[SourceVersionDate "2000.09.14"]
[SourceQuality "1"]

1. e4 c5 2. Nf3 Nc6 3. d4 cxd4 4. Nxd4 g6 5. c4 Bg7 6. Be3 Nf6 7. Nc3 d6 8. Be2 0-0 9. 0-0 Bd7 10. Rc1 Nxd4 11. Bxd4 Bc6 12. Bf3 Nd7 13. Bxg7 Kxg7 14. g3 a5 15. Bg2 Qb6 16. Nd5 Bxd5 17. exd5 Qxb2 18. Rb1 Qf6 19. Rxb7 Nc5 20. Rb5 a4 21. Qd2 h5 22. h4 Rfb8 23. Rfb1 Rxb5 24. cxb5 Rb8 25. b6 Nd7 26. Qa5 Qd4 27. b7 Qd3 28. Rb4 Qd2 29. Qxa4 Nc5 30. Qa7 Qe1+ 31. Kh2 Qxb4 32. Qxb8 Qxb7 33. Qxb7 Nxb7 34. Kg1 Kf6 35. f4 Kg7 36. Kf2 Kf8 37. Ke3 f5 38. Bf1 Ke8 39. Kd4 Kd8 40. Kc4 Nc5 41. Bd3 Kc7 42. Bc2 Kb6 43. Kb4 Na6+ 44. Kc4 Ka5 45. Kc3 Nc7 46. Kc4 Na8 47. Bd3 Nb6+ 48. Kd4 Na4 49. Bc2 Kb4 50. Bd3 Nc5 51. Be2 Ka5 52. Bf3 Na6 53. Be2 Nc7 54. Kc4 Na6 55. Kd4 Nc5 56. Bf3 Kb4 57. Be2 Ne4 58. Ba6 Nxg3 59. Bc8 Ne2+ 60. Ke3 Nc3 61. Be6 Kc5 62. Bf7 Nxd5+ 63. Kf3 e5 64. fxe5 dxe5 65. Bxg6 1/2-1/2

[Event "ESP-chT"]
[Site "Barcelona"]
[Date "2000.08.10"]
[Round "6"]
[White "Fernandez Lopez, Felix"]
[Black "Gonzalez Diaz, Diego"]
[Result "0-1"]
[WhiteElo "2294"]
[BlackElo "2267"]
[PlyCount "90"]
[EventDate "2000.08.05"]
[EventType "team"]
[EventRounds "9"]
[EventCountry "ESP"]
[SourceTitle "CBM 077 Extra"]
[Source "ChessBase"]
[SourceDate "2000.09.14"]
[SourceVersion "1"]
[SourceVersionDate "2000.09.14"]
[SourceQuality "1"]

1. Nf3 Nf6 2. c4 g6 3. g3 Bg7 4. Bg2 0-0 5. 0-0 d5 6. cxd5 Nxd5 7. d4 Nb6 8. Nc3 Nc6 9. e3 Re8 10. Re1 a5 11. Nd2 a4 12. a3 e5 13. d5 Ne7 14. e4 c6 15. Ndb1 Bd7 16. Bg5 cxd5 17. Nxd5 Nbxd5 18. exd5 Qb6 19. Nc3 Nf5 20. d6 Re6 21. Be7 Nxe7 22. dxe7 Bc6 23. Bxc6 Qxc6 24. Rc1 Rd6 25. Qg4 Qd7 26. Qb4 Qxe7 27. Nd5 Qd8 28. Nc7 Rc8 29. Nb5 Rxc1 30. Rxc1 Rd1+ 31. Rxd1 Qxd1+ 32. Kg2 Bf8 33. Qc4 Qb3 34. Qxb3 axb3 35. Kf3 f5 36. Ke2 Kf7 37. Kd3 Ke6 38. Kc4 e4 39. Nd4+ Ke5 40. Nxb3 g5 41. Nc1 f4 42. b4 f3 43. g4 e3 44. fxe3 Ke4 45. Nd3 b5+ 0-1

[Event "ESP-chT Div 2"]
[Site "Cala Galdana"]
[Date "1999.11.15"]
[Round "8"]
[White "Montilla Carrillo, Esteban"]
[Black "Gonzalez Diaz, Diego"]
[Result "0-1"]
[WhiteElo "2355"]
[BlackElo "2221"]
[PlyCount "66"]
[EventDate "1999.11.08"]
[EventType "team"]
[EventRounds "9"]
[EventCountry "ESP"]
[SourceTitle "CBM 073 Extra"]
[Source "ChessBase"]
[SourceDate "2000.01.11"]
[SourceVersion "1"]
[SourceVersionDate "2000.01.11"]
[SourceQuality "1"]

1. e4 e5 2. Nf3 Nc6 3. Bb5 a6 4. Ba4 Nf6 5. 0-0 Be7 6. Re1 b5 7. Bb3 0-0 8. c3 d6 9. h3 Na5 10. Bc2 c5 11. d4 Qc7 12. Nbd2 Re8 13. Nf1 h6 14. Ng3 Bf8 15. d5 g6 16. Nh2 Bg7 17. Qf3 Qe7 18. Qe2 Nc4 19. a4 Bd7 20. Bd3 Nb6 21. axb5 c4 22. Bxc4 Nxc4 23. Qxc4 axb5 24. Qa2 Rxa2 25. Rxa2 Rc8 26. Bd2 Kh7 27. Nhf1 Rc4 28. b3 Rc7 29. Rea1 h5 30. f3 Bh6 31. Be1 h4 32. Ne2 Nh5 33. Ra8 Rb7 0-1

[Event "ESP-chT Div 2"]
[Site "Cala Galdana"]
[Date "1999.11.14"]
[Round "7"]
[White "Matamoros Franco, Carlos S"]
[Black "Gonzalez Diaz, Diego"]
[Result "1-0"]
[WhiteElo "2462"]
[BlackElo "2221"]
[PlyCount "79"]
[EventDate "1999.11.08"]
[EventType "team"]
[EventRounds "9"]
[EventCountry "ESP"]
[SourceTitle "CBM 073 Extra"]
[Source "ChessBase"]
[SourceDate "2000.01.11"]
[SourceVersion "1"]
[SourceVersionDate "2000.01.11"]
[SourceQuality "1"]

1. c4 Nf6 2. g3 g6 3. Bg2 Bg7 4. Nc3 c5 5. a3 Nc6 6. Rb1 d6 7. b4 Bf5 8. d3 0-0 9. Nf3 Qc8 10. 0-0 Bh3 11. Bg5 Bxg2 12. Kxg2 Qd7 13. Qa4 Ng4 14. Nd5 f6 15. Bd2 e6 16. Ne3 f5 17. bxc5 dxc5 18. Nxg4 fxg4 19. Ng5 b6 20. Ne4 Rf5 21. Rxb6 axb6 22. Qxa8+ Rf8 23. Qa4 Qb7 24. Rb1 Nd4 25. Qd1 Ra8 26. a4 Qc6 27. Bc3 Rxa4 28. Rxb6 Qxb6 29. Qxa4 Qd8 30. Qa7 Qf8 31. Bxd4 Bxd4 32. Qd7 Qf5 33. Kg1 h5 34. Kg2 Qf8 35. Qxe6+ Kg7 36. h3 gxh3+ 37. Qxh3 Qf7 38. Qc8 Kh7 39. e3 Bc3 40. Qxc5 1-0

[Event "ESP-chT Div 2"]
[Site "Cala Galdana"]
[Date "1999.11.11"]
[Round "4"]
[White "Gonzalez Diaz, Diego"]
[Black "Pons Sastre, Santiago"]
[Result "1-0"]
[WhiteElo "2221"]
[BlackElo "2330"]
[PlyCount "71"]
[EventDate "1999.11.08"]
[EventType "team"]
[EventRounds "9"]
[EventCountry "ESP"]
[SourceTitle "CBM 073 Extra"]
[Source "ChessBase"]
[SourceDate "2000.01.11"]
[SourceVersion "1"]
[SourceVersionDate "2000.01.11"]
[SourceQuality "1"]

1. e4 d5 2. exd5 Nf6 3. d4 Nxd5 4. Nf3 Bg4 5. Be2 e6 6. 0-0 Be7 7. c4 Nb6 8. Nc3 0-0 9. Be3 Nc6 10. c5 Nd5 11. Qb3 Nxc3 12. bxc3 Rb8 13. h3 Bh5 14. Rfd1 Na5 15. Qb5 c6 16. Qa4 b5 17. Qa3 Nc4 18. Bxc4 Bxf3 19. gxf3 bxc4 20. Qxa7 Bg5 21. f4 Bh4 22. Rdb1 Ra8 23. Qb7 Qd5 24. a4 Qe4 25. a5 e5 26. dxe5 Rad8 27. a6 Rd3 28. Re1 Qg6+ 29. Kh2 Bxf2 30. Bxf2 Rd2 31. Rf1 Qe4 32. Rad1 Qxf4+ 33. Kg1 Qg5+ 34. Kh1 Rxd1 35. Rxd1 Qh5 36. Rd4 1-0

[Event "ESP-chT Div 2"]
[Site "Cala Galdana"]
[Date "1999.11.09"]
[Round "2"]
[White "Gonzalez Diaz, Diego"]
[Black "Cramling, Pia"]
[Result "1/2-1/2"]
[WhiteElo "2221"]
[BlackElo "2504"]
[PlyCount "71"]
[EventDate "1999.11.08"]
[EventType "team"]
[EventRounds "9"]
[EventCountry "ESP"]
[SourceTitle "CBM 073 Extra"]
[Source "ChessBase"]
[SourceDate "2000.01.11"]
[SourceVersion "1"]
[SourceVersionDate "2000.01.11"]
[SourceQuality "1"]

1. e4 c5 2. Nf3 e6 3. d4 cxd4 4. Nxd4 Nc6 5. Be3 Nf6 6. Bd3 d5 7. Nxc6 bxc6 8. Nd2 Be7 9. 0-0 0-0 10. e5 Nd7 11. f4 f6 12. exf6 Nxf6 13. c3 c5 14. Nf3 a5 15. Qe2 Qb6 16. Ne5 Ba6 17. c4 Rad8 18. Rf3 dxc4 19. Nxc4 Bxc4 20. Bxc4 Nd5 21. f5 Kh8 22. fxe6 Qxe6 23. Rxf8+ Rxf8 24. Bf2 Qxe2 25. Bxe2 Nb4 26. Rc1 Nxa2 27. Ra1 Nb4 28. Rxa5 Nc6 29. Rb5 Nd4 30. Bxd4 cxd4 31. Bf3 g6 32. Kf1 Kg7 33. Ke2 Kf6 34. Kd3 Rd8 35. Rd5 Rxd5 36. Bxd5 1/2-1/2

[Event "Nigran op 13th"]
[Site "Nigran"]
[Date "1999.??.??"]
[Round "8"]
[White "Gonzalez Diaz, Diego"]
[Black "Conde Abuin, Manuel"]
[Result "0-1"]
[WhiteElo "2220"]
[BlackElo "2150"]
[PlyCount "136"]
[EventDate "1999.??.??"]
[EventType "swiss"]
[EventRounds "9"]
[EventCountry "ESP"]
[SourceTitle "EXT 2000"]
[Source "ChessBase"]
[SourceDate "1999.11.16"]
[SourceVersion "1"]
[SourceVersionDate "1999.11.16"]
[SourceQuality "1"]

1. e4 e6 2. d4 d5 3. Nc3 Bb4 4. e5 Ne7 5. a3 Bxc3+ 6. bxc3 c5 7. Nf3 Nbc6 8. Bd3 Qa5 9. Qd2 Bd7 10. 0-0 c4 11. Be2 f6 12. a4 0-0-0 13. Ba3 Be8 14. Rfe1 Nf5 15. Bf1 Bf7 16. Reb1 Bh5 17. Rb5 Qc7 18. exf6 gxf6 19. Rab1 Bxf3 20. gxf3 Rhg8+ 21. Kh1 Qg7 22. Bh3 Rd7 23. Qe2 Nd8 24. Qf1 Qg6 25. Bc1 Rdg7 26. Bf4 Qh5 27. Bg4 Rxg4 28. fxg4 Qxg4 29. Rc5+ Nc6 30. Rxc6+ bxc6 31. Rb8+ Kd7 32. Rxg8 Qxg8 33. Qb1 Qc8 34. a5 Ke7 35. Qb4+ Kf7 36. Bb8 a6 37. Bf4 Ne7 38. Qb6 c5 39. Bd6 cxd4 40. Qa7 Qd8 41. Bb4 dxc3 42. Qxa6 d4 43. Qxc4 Qd5+ 44. Qxd5 Nxd5 45. Bc5 e5 46. a6 Nc7 47. a7 Ke6 48. Kg2 Kd5 49. Be7 f5 50. Kf3 Kc4 51. Ke2 e4 52. Bg5 Kc5 53. Be7+ Kd5 54. f3 Kc4 55. fxe4 fxe4 56. Ba3 Na8 57. Bc1 d3+ 58. cxd3+ exd3+ 59. Kd1 Kb3 60. Bh6 Kb2 61. Bg7 Nb6 62. Bd4 Na8 63. h4 Kb3 64. Kc1 d2+ 65. Kd1 Kc4 66. Be3 Kd3 67. Bxd2 cxd2 68. h5 Ke3 0-1

[Event "Nigran op 13th"]
[Site "Nigran"]
[Date "1999.??.??"]
[Round "9"]
[White "Prol Nogueira, Iago"]
[Black "Gonzalez Diaz, Diego"]
[Result "0-1"]
[WhiteElo "2045"]
[BlackElo "2220"]
[PlyCount "80"]
[EventDate "1999.??.??"]
[EventType "swiss"]
[EventRounds "9"]
[EventCountry "ESP"]
[SourceTitle "EXT 2000"]
[Source "ChessBase"]
[SourceDate "1999.11.16"]
[SourceVersion "1"]
[SourceVersionDate "1999.11.16"]
[SourceQuality "1"]

1. e4 c5 2. Nc3 Nc6 3. Nf3 g6 4. d4 cxd4 5. Nxd4 Bg7 6. Be3 Nf6 7. Be2 0-0 8. Nb3 d6 9. 0-0 Be6 10. f4 Qc8 11. h3 Rd8 12. Bf3 Bc4 13. Rf2 d5 14. exd5 Nxd5 15. Bxd5 Bxc3 16. bxc3 Bxd5 17. Qe1 Qf5 18. Nd4 Qh5 19. Nxc6 Bxc6 20. Bd4 Rd7 21. Qe3 Rad8 22. Re1 b6 23. f5 Bd5 24. a3 gxf5 25. Qe5 f6 26. Qxf5 Qxf5 27. Rxf5 Kf7 28. g4 Rc8 29. Ref1 Be4 30. R5f2 Kg6 31. h4 h5 32. g5 f5 33. Kh2 Rd5 34. Rd2 e5 35. Be3 Rxd2+ 36. Bxd2 Bxc2 37. Re1 Rd8 38. Bc1 Be4 39. Kg3 Rd3+ 40. Re3 f4+ 0-1

[Event "La Coruna op"]
[Site "La Coruna"]
[Date "1998.??.??"]
[Round "?"]
[White "Gonzalez Diaz, Diego"]
[Black "Piay Augusto, Mauro"]
[Result "1-0"]
[WhiteElo "2215"]
[BlackElo "2105"]
[PlyCount "41"]
[EventDate "1998.07.??"]
[EventType "swiss"]
[EventRounds "9"]
[EventCountry "ESP"]
[SourceTitle "EXT 2000"]
[Source "ChessBase"]
[SourceDate "1999.11.16"]
[SourceVersion "1"]
[SourceVersionDate "1999.11.16"]
[SourceQuality "1"]

1. e4 e6 2. d4 d5 3. Nc3 Nf6 4. Bg5 Bb4 5. e5 h6 6. Bd2 Bxc3 7. bxc3 Ne4 8. Bd3 Nxd2 9. Qxd2 c5 10. dxc5 Nc6 11. Qe3 Qa5 12. Ne2 d4 13. Qg3 Kf8 14. 0-0 dxc3 15. Be4 Qxc5 16. Rfd1 g6 17. Nf4 g5 18. Bxc6 Qxc6 19. Rd8+ Kg7 20. Nh5+ Kh7 21. Qd3+ 1-0

[Event "Aceimar op"]
[Site "Mondariz"]
[Date "1995.??.??"]
[Round "?"]
[White "Gonzalez Diaz, Diego"]
[Black "Lima, Darcy Gustavo Macha"]
[Result "0-1"]
[WhiteElo "2250"]
[BlackElo "2505"]
[PlyCount "35"]
[EventDate "1995.??.??"]
[EventType "swiss"]
[EventRounds "9"]
[EventCountry "ESP"]
[SourceTitle "EXT 1997"]
[Source "ChessBase"]
[SourceDate "1996.11.15"]
[SourceVersion "1"]
[SourceVersionDate "1996.11.15"]
[SourceQuality "1"]

1. e4 e5 2. Nf3 Nc6 3. d4 exd4 4. Bc4 Nf6 5. 0-0 d6 6. Nxd4 Be7 7. Nc3 0-0 8. Re1 Bd7 9. Nxc6 Bxc6 10. Re3 Re8 11. Rg3 Nxe4 12. Qh5 Nxg3 13. Bxf7+ Kh8 14. hxg3 Bf6 15. Bg6 Re1+ 16. Kh2 Qg8 17. Bd2 Rxa1 18. Ne2 0-1

[Event "Aceimar op"]
[Site "Mondariz"]
[Date "1995.??.??"]
[Round "?"]
[White "Gonzalez Diaz, Diego"]
[Black "Paunovic, Dragan"]
[Result "1/2-1/2"]
[WhiteElo "2250"]
[BlackElo "2455"]
[PlyCount "62"]
[EventDate "1995.??.??"]
[EventType "swiss"]
[EventRounds "9"]
[EventCountry "ESP"]
[SourceTitle "EXT 1997"]
[Source "ChessBase"]
[SourceDate "1996.11.15"]
[SourceVersion "1"]
[SourceVersionDate "1996.11.15"]
[SourceQuality "1"]

1. e4 c5 2. Nf3 Nc6 3. d4 cxd4 4. Nxd4 e6 5. Nc3 Qc7 6. Be3 a6 7. Bd3 Nf6 8. 0-0 h5 9. h3 Nxd4 10. Bxd4 Bc5 11. Be2 Qd6 12. Bxf6 Qxd1 13. Rfxd1 gxf6 14. Na4 d6 15. Nxc5 dxc5 16. Rd3 Bd7 17. Rc3 Rc8 18. h4 Ke7 19. Rd1 Rc7 20. g3 a5 21. a3 b5 22. b4 axb4 23. axb4 c4 24. Ra3 Bc6 25. f3 e5 26. Kf2 Rd7 27. Rxd7+ Bxd7 28. Ra7 Kd6 29. Ra6+ Ke7 30. Ra7 Kd6 31. Ra6+ Ke7 1/2-1/2